Statistics for Top 10 Multi-sport Events Countries (Organized by IOC)

Click here to take the quiz!

General Stats

  • This quiz has been taken 25 times
  • The average score is 40 of 59

Answer Stats

Team% Correct
Australia
100%
Canada
100%
China
100%
Egypt
100%
Great Britain
100%
Norway
100%
Russia
100%
France
95%
Italy
95%
Japan
95%
Kenya
95%
Nigeria
95%
South Africa
95%
Sweden
95%
United States
95%
Argentina
90%
Brazil
90%
Mexico
90%
Austria
85%
Germany
85%
South Korea
85%
Soviet Union
85%
Ethiopia
80%
Spain
80%
Algeria
75%
Cuba
75%
Finland
75%
Switzerland
75%
Chile
70%
India
70%
Indonesia
70%
Netherlands
70%
Hungary
65%
Colombia
60%
Fiji
60%
Ghana
60%
Papua New Guinea
60%
Samoa
60%
Tunisia
60%
Iran
55%
North Korea
55%
Senegal
55%
Tonga
55%
Ukraine
55%
Thailand
50%
Cameroon
45%
Azerbaijan
40%
Chinese Taipei
40%
French Polynesia
40%
Kazakhstan
40%
Belarus
35%
Vanuatu
35%
American Samoa
30%
Guam
30%
Puerto Rico
30%
Venezuela
30%
Georgia
25%
New Caledonia
25%
Nauru
20%

Score Distribution

Percentile by Number Answered

Percent of People with Each Score

Your Score History

You have not taken this quiz